000 00274nam a2200109Ia 4500
008 220204s9999 xx 000 0 und d
082 _a613.2
_bDUR
100 _aDuru Jagatiani
245 0 _aNutritious recipes for vigorous health
260 _aDelhi
_bHind
_c1977
942 _cBK
999 _c31204
_d31204